| 000 | 00650nam a22001817a 4500 | ||
|---|---|---|---|
| 999 |
_c11254 _d11254 |
||
| 003 | AR-CdUCM | ||
| 008 | 190403b ||||| |||| 00| 0 spa d | ||
| 040 |
_aMUNICIPALIDAD PROVINCIAL DEL CUSCO _cBIBLIOTECA MUNICIPAL DEL CUSCO |
||
| 082 |
_a968.1 / _bE41 / 1945 |
||
| 100 |
_aEhrenburg, Ilya _99817 |
||
| 245 | _aEl porqué de la victoria / | ||
| 260 |
_aBuenos Aires : _bLatitud. _c1945. |
||
| 300 |
_a197 + 15 páginas ; _bláminas. _c21 cm. |
||
| 505 | _aContenido: La gran ofensiva -- La Francia eterna -- Todos aman la ciudad de Paris -- Pensando en el futuro... | ||
| 650 |
_aLiteratura Argentina. _984 |
||
| 942 |
_2ddc _cLIBROS |
||
| 945 | _awfj | ||